IFM Opac

Managing Business Communications (Record no. 22173)

MARC details
000 -LEADER
fixed length control field 00329nam a22001217a 4500
020 ## - INTERNATIONAL STANDARD BOOK NUMBER
ISBN 978-1-78125-424-0
082 ## - DEWEY DECIMAL CLASSIFICATION NUMBER
Classification number 658.45
100 ## - MAIN ENTRY--AUTHOR NAME
Personal name Chartered Management Institute
245 ## - TITLE STATEMENT
Title Managing Business Communications
260 ## - PUBLICATION, DISTRIBUTION, ETC. (IMPRINT)
Place of publication London:
Name of publisher Chartered Management Institute,
Year of publication 2015
300 ## - PHYSICAL DESCRIPTION
Number of Pages ix, 260p.: ill.; 21cm
942 ## - ADDED ENTRY ELEMENTS (KOHA)
Koha item type Books
Holdings
Withdrawn status Lost status Damaged status Not for loan Collection code Permanent Location Current Location Shelving location Date acquired Source of acquisition Full call number Accession Number Price effective from Koha item type
        Non-fiction IFM Main Campus Library IFM Main Campus Library Work Room processing 01/16/2026 Purchased 658.45 CHA 0000030948 01/16/2026 Books
        Non-fiction IFM Main Campus Library IFM Main Campus Library Work Room processing 01/16/2026 Purchased 658.45 CHA 0000030947 01/16/2026 Books